000
00312nam a2200145Ia 4500
100
_a
Shah/ J.M.Jagdish Lal
942
_c
BK
654
_a
Machines
245
_a
Theory of Machines
260
_b
Metropolitan Book Co
_a
Delhi
_c
1968
082
_a
621.8
_b
SHA
300
_a
767
546
_a
ENGLISH
999
_c
21651
_d
21651